| 000 | 00931nam a22003017a 4500 | ||
|---|---|---|---|
| 003 | CHAP | ||
| 005 | 20220329134124.0 | ||
| 008 | 971013s1939 r 00010 d | ||
| 010 | _a15735 | ||
| 011 | _a16707 | ||
| 035 | _a20789 | ||
| 040 | _cCHAP | ||
| 082 |
_a598.2 _bG84 |
||
| 100 | 0 | 0 |
_aGuenaux, Georges. _951099 |
| 245 | _aOrnitología, aves útiles y perjudiciales a la agricultura | ||
| 260 |
_aBarcelona : _bSalvat, _c1939 |
||
| 300 |
_a375 p. _b: ilus |
||
| 590 |
_aBATCH-UPD _b10 _c20130110 _lUCH01 _h0011 |
||
| 590 |
_aBATCH-UPD _b10 _c20130110 _lUCH01 _h2120 |
||
| 590 |
_aBATCH-UPD _b10 _c20130410 _lUCH01 _h1430 |
||
| 590 |
_aBATCH-UPD _b10 _c20130914 _lUCH01 _h1555 |
||
| 590 |
_aCONVERSION _b10 _c20130109 _lUCH01 _h1310 |
||
| 650 | 1 | 4 |
_aOrnitología. _983617 |
| 901 | _aBK | ||
| 942 | _cLIBRO | ||
| 949 |
_a598.2 G84 _bBC _cBPP _d-48405 _eBPP _h27268 _i20789 _si |
||
| 949 |
_a598.2 G84 _bBC _cBPP _d-48406 _eBPP _fc.2 _i20789 _si |
||
| 999 |
_c15735 _d15735 |
||